Biblical preaching: (Record no. 3343)

000 -LEADER
fixed length control field 00659nam a2200205 a 4500
001 - CONTROL NUMBER
control field :::00001073$&:&@@
003 - CONTROL NUMBER IDENTIFIER
control field OkBaRHE
005 - DATE AND TIME OF LATEST TRANSACTION
control field 20100331161024.0
008 - FIXED-LENGTH DATA ELEMENTS--GENERAL INFORMATION
fixed length control field s1983 j 000 0 eng u
020 ## - INTERNATIONAL STANDARD BOOK NUMBER
International Standard Book Number 0664213979
040 ## - CATALOGING SOURCE
Transcribing agency
100 1# - MAIN ENTRY--PERSONAL NAME
Personal name Cox, James William, 1923- ,
245 10 - TITLE STATEMENT
Title Biblical preaching:
Remainder of title an expositor's treasury.
Statement of responsibility, etc Edited by James W. Cox.
250 ## - EDITION STATEMENT
Edition statement 1st ed.
260 ## - PUBLICATION, DISTRIBUTION, ETC. (IMPRINT)
Place of publication, distribution, etc Philadelphia, PA., :
Name of publisher, distributor, etc Westminster Press
Date of publication, distribution, etc 1983
300 ## - PHYSICAL DESCRIPTION
Extent 372 p. ;
Dimensions 23 cm.
650 ## - SUBJECT ADDED ENTRY--TOPICAL TERM
Topical term or geographic name as entry element Bible
General subdivision Homiletical Use
942 ## - ADDED ENTRY ELEMENTS (KOHA)
Source of classification or shelving scheme
Koha item type Books
Copies
Not for loan Date acquired Source of classification or shelving scheme Full call number Koha item type Permanent Location Barcode Price effective from Copy number Date last seen Withdrawn status Damaged status Lost status Shelving location
 2010-04-14 BS 534.5 .B5 1983BooksRHEMA Bible Training College10732010-04-1412010-04-14   General Stacks